Top 15 dei paesi con decessi Covid-19 - 14 mar 2021 - Statistics

Statistiche generali
  • Questo quiz è stato fatto 4 volte
  • Il punteggio medio è 9 su 24
Statistiche sulle risposte
paese % Corretto
Germania
100%
Italia
100%
Regno Unito
100%
Stati Uniti
100%
Argentina
67%
Brasile
67%
Francia
67%
Messico
67%
Russia
67%
Spagna
67%
Belgio
33%
Portogallo
33%
Bosnia ed Erzegovina
0%
Bulgaria
0%
Cechia
0%
Colombia
0%
India
0%
Iran
0%
Macedonia del Nord
0%
Perù
0%
Slovacchia
0%
Slovenia
0%
Sudafrica
0%
Ungheria
0%
Nessun quiz corrispondente trovato
Distribuzione punteggi
Percentuale di utenti per punteggio
Percentile per numero di risposta
I tuoi punteggi nel tempo
Non hai fatto questo quiz